Detalles MARC
| 000 -LÍDER |
| Campo fijo de descripción fija |
01960nam a2200337 i 4500 |
| 001 - NÚMERO DE CONTROL |
| Campo de control |
768714001 |
| 003 - IDENTIFICADOR DEL NÚMERO DE CONTROL |
| Campo de control |
CO-MdFUSB |
| 005 - FECHA Y HORA DE LA ULTIMA TRANSACCIÓN |
| control field |
20200219172706.0 |
| 008 - ELEMENTOS DE LONGITUD FIJA -- INFORMACIÓN GENERAL |
| Campo fijo de descripción fija -- Información general |
200219t2011 sp |||| |||| 00| 0 spa d |
| 020 ## - NÚMERO INTERNACIONAL NORMALIZADO PARA LIBROS |
| Número Internacional Normalizado del libro |
9788499421209 |
| 040 ## - FUENTE DE CATALOGACIÓN |
| Agencia de catalogación original |
CO-MdFUSB |
| Idioma de catalogación |
spa |
| Agencia que realiza la transcripción |
CO-MdFUSB |
| Agencia que realiza la modificación |
CO-MdFUSBC |
| Convenciones de la descripción |
rda |
| 041 ## - CÓDIGO DE IDIOMA |
| Código de idioma para texto/pista de sonido o título separado |
spa |
| 082 ## - NÚMERO DE CLASIFICACIÓN DECIMAL DEWEY |
| Número de la edición del Dewey |
23 |
| Número de clasificación |
320.98 |
| Clave de autor-Numero de item |
SA172e |
| 100 ## - ASIENTO PRINCIPAL--NOMBRE PERSONAL |
| Nombre personal |
Salmón, Christian. |
| Término relacionador |
autor |
| 245 #3 - TÍTULO |
| Título del Material |
La estrategia de Sherezade : |
| Parte restante del título - Subtitulo |
apostillas a Storytelling. |
| Mención de responsabilidad, etc. |
/ Christian Salmon ; traducido por Inés Bértolo ; prologuista Miguel Roig |
| 250 ## - MENCIÓN DE EDICIÓN |
| Mención de edición |
Primera edición |
| 264 #1 - PRODUCCIÓN, PUBLICACIÓN, DISTRIBUCIÓN, MANUFACTURA, Y COPYRIGHT |
| Lugar de producción, publicación, distribución, manufactura |
España : |
| Nombre del productor, publicador, distribuidor |
Península, |
| Fecha de producción, publicación, distribución, manufactura, o copyright |
[2011] |
| 264 #4 - PRODUCCIÓN, PUBLICACIÓN, DISTRIBUCIÓN, MANUFACTURA, Y COPYRIGHT |
| Fecha de producción, publicación, distribución, manufactura, o copyright |
© 2011 |
| 300 ## - DESCRIPCIÓN FÍSICA |
| Extensión |
169 páginas |
| Dimensiones |
; 21 cm |
| 336 ## - TIPO DE CONTENIDO |
| Fuente |
rdacontent |
| Término de tipo de contenido |
texto |
| Código de tipo de contenido |
txt |
| 337 ## - TIPO DE MEDIO |
| Fuente |
rdamedia |
| Nombre del tipo de medio |
sin mediación |
| Código del tipo de medio |
n |
| 338 ## - TIPO DE SOPORTE |
| Fuente |
rdacarrier |
| Nombre del tipo de soporte |
volumen |
| Código Tipo de soporte |
nc |
| 490 ## - MENCIÓN DE SERIE |
| Mención de serie |
Atalaya |
| 505 ## - NOTA DE CONTENIDO |
| Nota de contenido con formato preestablecido |
Del príncipe y de sus apariciones públicas. -- Maquiavelo en el país de las Maravillas. -- El síndrome del mago de Oz. -- De las victorias electorales logradas con las armas del relato y la emoción. -- De cómo el príncipe debe ser un estratega del inconsciente. -- De cómo el príncipe debe narrar sus propias historias , todas verídicas y auténticas. -- De la virilidad de las mujeres políticas. -- Del cuerpo flexible del principe y de su andar. -- Sor Sarah y Ama Palin. -- La second life de lo político. -- Del bovarysmo político. -- De un príncipe "famillonario". -- De cómo se accede al poder gracias a la fórmula del cuadrado mágico. -- De la conquista de los cerebros. -- De cómo el príncipe debe luchar contra la "infobesidad" de sus sujetos. -- De los príncipes chinos que hicieron fortunas creando mitos. -- De cómo un príncipe carismático puede perder su aura. -- De un mundo sin historias. |
| 650 #7 - ASIENTO SECUNDARIO DE MATERIA - TERMINO TEMÁTICO |
| Fuente del encabezamiento o término |
embne |
| 9 (RLIN) |
2578 |
| Término temático o nombre geográfico como elemento de entrada |
Política social |
| 700 ## - ASIENTO SECUNDARIO - NOMBRE PERSONAL |
| 9 (RLIN) |
2884 |
| Nombre personal |
Bértolo, Inés. |
| Responsabilidad |
Traductor |
| 700 ## - ASIENTO SECUNDARIO - NOMBRE PERSONAL |
| 9 (RLIN) |
2885 |
| Nombre personal |
Roig, Miguel. |
| Responsabilidad |
Prologuista |
| 830 ## - PUNTO DE ACCESO ADICIONAL DE SERIE - TÍTULO UNIFORME |
| Título uniforme |
441 |
| 942 ## - TIPO DE MATERIAL (KOHA) |
| Tipo de Item KOHA |
Libros General |
| 945 ## - INFORMACIÓN LOCAL DEL REGISTRO |
| Catalogador |
JTF-925 |